00620nam a2200205 a 450000100060000000300080000600500170001400800410003103500190007204000210009104100080011208200250012010000170014524500950016226000380025730000350029550400390033065000280036965000170039765280BD-RjUL20211209081415.0170304s1964 nyuab b 001 0 eng d a(BD-RjUL)65410 aLCbengcBD-RjUL aeng00a306.44223bHYL 1964 aHymes, Dell.10aLanguage in culture and society :ba reader in linguistics and anthropology /cDell Hymes. aNew York :bHarper & Row,cc1964. axxxv, 764 p. :bill. ;c27 cm. aIncludes bibliography and Indexes  0aLanguage and languages. 0aAnthropology